| 000 | 00656nam a22001937a 4500 | ||
|---|---|---|---|
| 003 | OSt | ||
| 005 | 20180116192431.0 | ||
| 008 | 151019t xxu||||| |||| 00| 0 eng d | ||
| 020 | _a2930301234 | ||
| 040 | _c0 | ||
| 082 |
_a720.4 _b IDE |
||
| 245 | 0 | 0 |
_aIdeas and reflections on architectural and urban design education in Europe _bEaae transactions on architectural education no 28 _ceditor constantin spiridonidis |
| 260 |
_bEuropean Association for architectural ecucation: _c2005 |
||
| 300 |
_a175p. : _bill: _c25cm. |
||
| 650 |
_aurban design. _98195 |
||
| 650 |
_aCity planning _98196 |
||
| 700 |
_aSpiridonidis,Constantin _98197 |
||
| 942 |
_2ddc _cBK |
||
| 999 |
_c354106 _d354106 |
||